| 000 | 01276cam a22002891i 4500 | ||
|---|---|---|---|
| 003 | SA-RiAUC | ||
| 005 | 20250715061311.0 | ||
| 008 | 250714s2001____su g 000 0 ara c | ||
| 020 | _a9960780910 | ||
| 040 |
_aSA-DaKAC _bara _cSA-RiAUC _dKAC _erda |
||
| 043 |
_ama----- _an-us--- |
||
| 050 | 1 | 4 | _bA8543 2000 |
| 082 | 0 | 4 |
_a327.7301751 _qSA-RiAUC |
| 090 |
_a327.7301751 _bا س م |
||
| 100 | 1 |
_aالأسمر، فوزي _eمؤلف. |
|
| 245 | 1 | 0 |
_aأمريكا وسراب الحلم العربي : _bمجموعة مقالات / _cالدكتور فوزي الأسمر. |
| 264 | 1 |
_aالرياض : _bمؤسسة اليمامة الصحفية، _c2001 |
|
| 300 |
_a350 صفحة ؛ _c22 سم. |
||
| 336 |
_aنص _btxt _2rdacontent _3كتاب |
||
| 337 |
_aبدون وسيط _bn _2rdamedia |
||
| 338 |
_aمجلد _bnc _2rdacarrier |
||
| 490 | 0 |
_aكتاب الرياض ؛ _v88 |
|
| 651 | 7 |
_aالولايات المتحدة الأمريكية _xعلاقات خارجية _zالبلاد العربية _vمقالات ومحاضرات _2aucsh |
|
| 651 | 7 |
_aالبلاد العربية _xعلاقات خارجية _zالولايات المتحدة الأمريكية _vمقالات ومحاضرات _2aucsh |
|
| 942 |
_2ddc _cBOOK _n0 |
||
| 949 |
_aSA-JeALM _d250714 _umohamedma123 _n1 |
||
| 999 |
_c9925 _d9925 |
||